000 003000000a22000970004500
100 1 _aHjelm, Ingrid
245 1 0 _aThe victory song of Merneptah, Israel and the people of Palestina
300 _aVol. 27, Núm 1 (2002), Páginas 3-18
773 0 _tJournal for the Study of the Old Testament
942 _cANA
999 _c54992
_d54992